States of the United States, but Invisible? - Statistics

General Stats
  • This quiz has been taken 43 times
  • The average score is 46 of 50
Answers on the Map
Answers color-coded by a green-red scale on the quiz's map according to % correct below.
 
Answer Stats
State % Correct
Indiana
97%
New Mexico
97%
Alabama
94%
Alaska
94%
Arizona
94%
California
94%
Florida
94%
Illinois
94%
Maine
94%
Missouri
94%
Nevada
94%
North Dakota
94%
Ohio
94%
Oklahoma
94%
Oregon
94%
Rhode Island
94%
South Dakota
94%
Texas
94%
Utah
94%
Washington
94%
Colorado
91%
Georgia
91%
Hawaii
91%
Idaho
91%
Iowa
91%
Kentucky
91%
Louisiana
91%
Massachusetts
91%
Michigan
91%
Minnesota
91%
Mississippi
91%
Nebraska
91%
New York
91%
North Carolina
91%
South Carolina
91%
Tennessee
91%
Vermont
91%
Virginia
91%
West Virginia
91%
Arkansas
89%
Connecticut
89%
Kansas
89%
Maryland
89%
Montana
89%
New Hampshire
89%
New Jersey
89%
Pennsylvania
89%
Wyoming
89%
Delaware
86%
Wisconsin
83%
No matching quizzes found
Score Distribution
Percent of People with Each Score
Percentile by Number Answered
Your Score History
You have not taken this quiz